Statistiques concernant Pays connectés sur la carte du monde #1

Cliquez ici pour prendre le quiz!

Statistiques générales

  • Ce quiz a été pris 23 131 fois
  • Le résultat moyen est 13 sur 17

Réponses sur la Carte

Les réponses sont colorées sur une échelle allant du rouge au vert en fonction du pourcentage des utilisateurs qui les ont devinées à leur premier essai. Vous pouvez retrouver ces pourcentages ci-dessous.
 

Statistiques - réponses

Pays% Correct
Chine
99%
Égypte
85%
Laos
83%
Iran
81%
Libye
81%
Cambodge
80%
Irak
79%
Israël
76%
Jordanie
73%
Tchad
71%
Ouzbékistan
70%
Rép. dém. du Congo
70%
Turkménistan
69%
Kirghizistan
66%
Angola
65%
Namibie
64%
République Centrafricaine
64%

Distribution des résultats

Percentile par nombre de réponses

% des personnes avec chaque résultat

Votre développement - résultats

Vous n’avez pas pris ce quiz